000 00676nam a22001937a 4500
005 20091224142841.0
008 091224t xxu||||| |||| 00| 0 eng d
020 _a0-7803-0434-9
080 _a621.391
_bSHA
100 _aShannon, Claude Elwood
_910406
245 _aCollected papers
260 _aNew Jersey
_bIEEE press
_c1993
_910407
300 _axliv, 924p.
653 _aInformation theory
_aCommunication theory
_aCrytography
_aTelecommunication
700 _aSloane, N.J.A. [ed.]
_910408
700 _aWyner, Aaron D. [ed.]
_910409
942 _cREF
952 _w2009-12-24
_p00056207
_r2009-12-24
_40
_00
_bUL
_10
_o621.391 SHA
_d2009-12-24
_70
_2udc
_yREF
_aUL
999 _c10500
_d10499